|
|
|
|
| LEADER |
01719nam a2200421 a 4500 |
| 001 |
009535829 |
| 003 |
BD-DhAAL |
| 005 |
20260106143239.0 |
| 008 |
090714r20001982enk b 000 0 eng d |
| 010 |
|
|
|a 81016770
|
| 020 |
|
|
|a 0416179207 (pbk)
|
| 020 |
|
|
|a 041617910X (cased) :
|c Đ12.50
|
| 020 |
|
|
|a 0174434693 (pbk)
|
| 020 |
|
|
|a 0174436025
|
| 020 |
|
|
|a 9814057509
|
| 040 |
|
|
|a Uk
|c Uk
|d BD-DhAAL
|
| 082 |
0 |
0 |
|a 822.3/3
|2 19
|
| 100 |
1 |
|
|a Shakespeare, William,
|d 1564-1616.
|
| 245 |
1 |
0 |
|a Hamlet /
|c edited by Harold Jenkins.
|
| 260 |
|
|
|a London ;
|a New York :
|b Methuen,
|c 1982 [reprinted 2000].
|
| 300 |
|
|
|a xvii, 574 pages ;
|c 22 cm.
|
| 490 |
1 |
|
|a The Arden edition of the works of William Shakespeare
|
| 504 |
|
|
|a Includes bibliographical references.
|
| 541 |
1 |
|
|e 00008558
|
| 650 |
|
0 |
|a Hamlet (Legendary character)
|v Drama.
|9 6231
|
| 650 |
|
0 |
|a Kings and rulers
|x Succession
|v Drama.
|9 6232
|
| 650 |
|
0 |
|a Murder victims' families
|v Drama.
|9 6233
|
| 650 |
|
0 |
|a Fathers
|x Death
|v Drama.
|9 6234
|
| 650 |
|
0 |
|a Revenge
|v Drama.
|9 6235
|
| 650 |
|
0 |
|a Princes
|v Drama.
|9 6236
|
| 651 |
|
0 |
|a Denmark
|v Drama.
|9 6237
|
| 700 |
1 |
|
|a Jenkins, Harold.
|9 60068
|
| 800 |
1 |
|
|a Shakespeare, William,
|d 1564-1616.
|t Works.
|f 1954.
|9 60069
|
| 852 |
4 |
|
|a Ayesha Abed Library
|j General shelf
|
| 942 |
0 |
0 |
|0 2
|2 ddc
|c BK
|
| 999 |
|
|
|c 2439
|d 2439
|
| 952 |
|
|
|0 0
|1 0
|2 ddc
|4 0
|6 822_330000000000000_SHA_2000
|7 0
|9 2253
|a BRACUL
|b BRACUL
|c GEN
|d 2009-07-15
|g 0.00
|l 44
|m 267
|o 822.33 SHA
|p 3010008558
|r 2026-04-02
|s 2026-03-02
|t 1
|w 2009-07-15
|y BK
|x No price found in the accession register.
|
| 952 |
|
|
|0 0
|1 0
|2 ddc
|4 0
|6 822_330000000000000_SHA_2000
|7 0
|9 11527
|a BRACUL
|b BRACUL
|c GEN
|d 2010-07-04
|l 43
|m 293
|o 822.33 SHA
|p 3010014424
|r 2025-09-24
|s 2025-07-01
|t 2
|w 2010-07-04
|y BK
|